000 01002cam a2200277 a 4500
001 k 64000477
003 DLC
005 20260227111524.0
008 000710s1947 ko 000 0 kor c
010 _ak 64000477
035 _a(CStRLIN)DCLP00-B8819
040 _aHarvard Univ. Chinese-Japanese Library
_cMH-HY
_dDLC-R
_dDLC
043 _aa-kr---
050 0 0 _aHC467
_b.C42 1947
066 _c$1
100 1 _6880-01
_aChʻoe, Ho-jin,
_d1914-
245 1 0 _6880-02
_aKŭndae Chosŏn kyŏngjesa yŏnʼgu :
_pche 1-kwŏn /
_cChʻoe Ho-jin chŏ.
246 3 0 _6880-03
_aChosŏn kyŏngjesa yŏnʼgu
260 _6880-04
_aSŏul :
_bMinjung Sŏgwan,
_c1947.
300 _a200 p. ;
_c21 cm.
651 0 _aKorea
_xEconomic conditions
_y1864-1910.
880 1 _6100-01/$1
_a崔 虎鎮,
_d1914-
880 1 0 _6245-02/$1
_a近代 朝鮮 經濟史 研究 :
_p第 1卷 /
_c崔 虎鎮 著.
880 3 0 _6246-03/$1
_a朝鮮 經濟史 研究
880 _6260-04/$1
_a서울 :
_b民衆 書舘,
_c1947.
999 _c35349
_d35349